UEFA Champions League players 2018/19 - Statistics

General Stats
  • This quiz has been taken 10 times
  • The average score is 210 of 700
Answer Stats
Rank Player Positions Nationality Matches Goals (assists) Clubs % Correct
1 Alisson GK 13 0 (0)
100%
3 André Onana GK 12 0 (0)
100%
4 Andrew Robertson DF, MF 12 0 (2)
100%
5 Christian Eriksen MF, FW 12 2 (3)
100%
9 Dušan Tadić MF, FW 12 6 (5)
100%
23 Frenkie de Jong DF, MF 11 0 (0)
100%
10 Georginio Wijnaldum MF, FW 12 2 (0)
100%
11 Ivan Rakitić MF 12 1 (2)
100%
222 Luuk de Jong FW 6 3 (0)
100%
2 Sadio Mané MF, FW 13 4 (1)
100%
20 Arturo Vidal MF 11 0 (0)
88%
567 Denis Suárez MF, FW 2 0 (0)
88%
172 Éder FW 6 0 (0)
88%
38 Ederson GK 10 0 (1)
88%
64 Harry Kane FW 9 5 (1)
88%
26 Hugo Lloris GK 11 0 (0)
88%
12 James Milner DF, MF 12 2 (2)
88%
42 Jan Vertonghen DF 10 1 (1)
88%
27 Jordan Henderson MF 11 0 (1)
88%
100 Leroy Sané MF, FW 8 4 (4)
88%
45 Lionel Messi MF, FW 10 12 (3)
88%
13 Lucas Moura MF, FW 12 5 (0)
88%
46 Luis Suárez FW 10 1 (4)
88%
30 Marc-André ter Stegen GK 11 0 (0)
88%
31 Matthijs de Ligt DF 11 2 (0)
88%
14 Mohamed Salah MF, FW 12 5 (2)
88%
601 Mousa Dembélé MF 2 0 (0)
88%
239 Moussa Dembélé MF, FW 6 1 (0)
88%
108 Ousmane Dembélé MF, FW 8 3 (1)
88%
15 Philippe Coutinho MF, FW 12 3 (3)
88%
52 Raheem Sterling MF, FW 10 5 (2)
88%
110 Robert Lewandowski FW 8 8 (0)
88%
33 Roberto Firmino MF, FW 11 4 (1)
88%
272 Salif Sané DF, MF 6 0 (0)
88%
69 Samuel Umtiti DF 1 0 (0)
88%
17 Son Heung-min MF, FW 12 4 (1)
88%
34 Trent Alexander-Arnold DF 11 0 (2)
88%
19 Virgil van Dijk DF 12 2 (2)
88%
74 Aleksandar Kolarov DF 8 0 (1)
75%
80 Antoine Griezmann MF, FW 8 4 (3)
75%
36 Aymeric Laporte DF 10 2 (0)
75%
56 Ben Davies DF, MF 9 0 (1)
75%
558 Benjamin Mendy DF 2 0 (0)
75%
81 Bernardo Silva MF, FW 8 4 (1)
75%
560 Bruno Xavier Almeida Costa DF, MF, FW 2 0 (0)
75%
6 Clément Lenglet DF 12 0 (0)
75%
58 Cristiano Ronaldo MF, FW 9 6 (2)
75%
564 Daniel Kolář MF 2 0 (0)
75%
84 Danny Rose DF, MF 8 0 (0)
75%
21 David Neres MF, FW 11 2 (2)
75%
60 David Silva MF, FW 9 3 (1)
75%
86 Dele Alli MF, FW 8 0 (3)
75%
407 Diego Costa FW 4 1 (1)
75%
87 Divock Origi MF, FW 8 3 (0)
75%
8 Donny van de Beek MF, FW 12 3 (2)
75%
303 Douglas Costa MF, FW 5 0 (0)
75%
22 Fabinho DF, MF 11 0 (0)
75%
89 Ferland Mendy DF 8 0 (1)
75%
90 Fernandinho DF, MF 8 0 (0)
75%
63 Fernando Llorente FW 9 2 (1)
75%
185 Gabriel Jesus FW 6 4 (0)
75%
24 Gerard Piqué DF 11 2 (0)
75%
189 Giorgio Chiellini DF 6 0 (0)
75%
25 Hakim Ziyech MF, FW 11 3 (3)
75%
40 Harry Winks MF 10 0 (0)
75%
66 Joe Gomez DF 9 0 (0)
75%
95 Joël Matip DF, MF 8 0 (1)
75%
206 John Stones DF, MF 6 0 (0)
75%
509 Juan Jesus DF 3 0 (0)
75%
97 Karim Benzema FW 8 4 (2)
75%
98 Kieran Trippier DF, MF 8 0 (2)
75%
44 Leonardo Bonucci DF 10 0 (2)
75%
101 Luke Shaw DF, MF 8 0 (0)
75%
102 Manuel Neuer GK 8 0 (0)
75%
596 Marcos Llorente DF, MF, FW 2 0 (0)
75%
47 Marcus Rashford MF, FW 10 2 (1)
75%
48 Miralem Pjanić MF 10 2 (1)
75%
49 Moussa Sissoko MF, FW 10 0 (1)
75%
248 Niklas Süle DF 6 0 (0)
75%
70 Paulo Dybala MF, FW 9 5 (0)
75%
259 Rafa Silva MF, FW 6 0 (0)
75%
71 Romelu Lukaku FW 9 2 (1)
75%
140 Serge Gnabry DF, MF, FW 7 0 (1)
75%
141 Sergio Agüero FW 7 6 (1)
75%
16 Sergio Busquets MF 12 0 (0)
75%
71 Sergio Gómez DF, MF, FW 1 0 (0)
75%
143 Thiago Silva DF 7 0 (0)
75%
18 Toby Alderweireld DF 12 0 (0)
75%
53 Wojciech Szczęsny GK 10 0 (0)
75%
75 Alessandro Florenzi DF, FW 8 0 (1)
63%
391 Alexis Sánchez MF, FW 4 0 (0)
63%
54 Alex Sandro DF, MF 9 0 (0)
63%
477 Alfa Semedo MF 3 1 (0)
63%
553 Ander Herrera MF 2 0 (0)
63%
395 Andreas Pereira MF, FW 4 0 (0)
63%
392 André Pereira MF, FW 4 0 (0)
63%
77 Ángel Di María MF, FW 8 2 (3)
63%
79 Anthony Martial MF, FW 8 1 (0)
63%
396 Arjen Robben MF, FW 4 2 (1)
63%
397 Arkadiusz Milik FW 4 0 (0)
63%
82 Bertrand Traoré MF, FW 8 1 (1)
63%
83 Chris Smalling DF 8 0 (0)
63%
14 Cristian Lema DF 1 0 (0)
63%
7 Daley Blind DF, MF 12 0 (0)
63%
37 Danilo Pereira DF, MF, FW 10 0 (0)
63%
59 David de Gea GK 9 0 (0)
63%
85 Davinson Sánchez DF 8 0 (0)
63%
168 Diego Godín DF 6 1 (0)
63%
173 Edin Džeko FW 6 5 (3)
63%
175 Eric Dier DF, MF 6 0 (0)
63%
62 Érik Lamela MF, FW 9 1 (2)
63%
306 Filipe Luís DF 5 0 (1)
63%
124 Franck Ribéry MF, FW 7 1 (0)
63%
125 Gareth Bale MF, FW 7 3 (2)
63%
65 Héctor Herrera MF 9 2 (1)
63%
41 Iker Casillas GK 10 0 (0)
63%
91 İlkay Gündoğan MF 8 0 (1)
63%
92 Jan Oblak GK 8 0 (0)
63%
93 Jason Denayer DF 8 0 (0)
63%
578 Javi Sánchez DF 2 0 (0)
63%
28 Jordi Alba DF, MF 11 1 (5)
63%
322 José María Giménez DF 5 2 (0)
63%
129 Joshua Kimmich DF, MF 7 0 (2)
63%
323 Juan Cuadrado DF, MF, FW 5 0 (2)
63%
431 Kevin De Bruyne MF, FW 4 0 (4)
63%
513 Kingsley Coman MF, FW 3 1 (0)
63%
131 Koke MF 7 2 (1)
63%
132 Kostas Manolas DF 7 1 (0)
63%
43 Kyle Walker DF, MF 10 0 (0)
63%
215 Leon Goretzka MF 6 0 (0)
63%
217 Lorenzo Pellegrini MF 6 1 (3)
63%
593 Luca Pellegrini DF, MF 2 0 (0)
63%
334 Lucas Hernández DF 5 0 (0)
63%
220 Luka Modrić MF 6 0 (1)
63%
103 Marcelo DF 8 0 (0)
63%
437 Marcelo DF, MF 4 1 (1)
63%
104 Mario Mandžukić MF, FW 8 1 (0)
63%
230 Mats Hummels DF 6 1 (0)
63%
105 Maxi Pereira DF 8 0 (0)
63%
106 Memphis MF, FW 8 1 (3)
63%
243 Naby Keïta MF, FW 6 1 (0)
63%
50 Nélson Semedo DF, MF 10 0 (0)
63%
245 Neymar MF, FW 6 5 (2)
63%
356 Nicolás Otamendi DF 5 0 (0)
63%
51 Nicolás Tagliafico DF 10 3 (0)
63%
32 Noussair Mazraoui DF 11 2 (0)
63%
69 Paul Pogba MF, FW 9 2 (1)
63%
531 Pepe DF, MF 3 0 (0)
63%
450 Phil Foden MF, FW 4 1 (0)
63%
257 Piotr Zieliński MF, FW 6 0 (0)
63%
109 Presnel Kimpembe DF 8 1 (0)
63%
260 Rafinha DF 6 0 (1)
63%
604 Rafinha MF, FW 2 1 (0)
63%
265 Riyad Mahrez MF, FW 6 1 (4)
63%
111 Rodri MF 8 0 (0)
63%
139 Roman Bürki GK 7 0 (0)
63%
72 Sergi Roberto DF, MF 9 0 (0)
63%
144 Thilo Kehrer DF 7 0 (0)
63%
277 Thomas Müller MF, FW 6 0 (0)
63%
116 Abdou Diallo DF 7 0 (0)
50%
474 Adam Lallana MF, FW 3 0 (0)
50%
387 Adrián López MF, FW 4 1 (0)
50%
35 Alex Telles DF 10 1 (3)
50%
149 Allan DF, MF 6 0 (0)
50%
478 Alphonse Areola GK 3 0 (0)
50%
151 Andrej Kramarić MF, FW 6 5 (1)
50%
76 Ángel Correa MF, FW 8 0 (0)
50%
78 Anthony Lopes GK 8 0 (0)
50%
55 Arthur Melo MF 9 0 (0)
50%
118 Axel Witsel DF, MF 7 1 (0)
50%
57 Blaise Matuidi MF 9 0 (1)
50%
160 Casemiro MF 6 1 (0)
50%
163 Dani Carvajal DF 6 0 (1)
50%
563 Dani de Wit MF, FW 2 0 (0)
50%
402 Daniele De Rossi DF, MF 4 1 (0)
50%
403 Daniele Rugani DF 4 0 (0)
50%
299 Daniel Parejo MF 5 0 (0)
50%
565 Danilo DF, MF 2 0 (0)
50%
122 David Alaba DF, MF 7 0 (2)
50%
166 David Ospina GK 6 0 (0)
50%
171 Dries Mertens MF, FW 6 3 (0)
50%
123 Edinson Cavani MF, FW 7 2 (2)
50%
174 Emre Can DF, MF 6 0 (0)
50%
178 Fabián Ruiz Peña MF 6 0 (1)
50%
88 Federico Bernardeschi DF, MF, FW 8 0 (1)
50%
188 Gedson Fernandes DF, MF, FW 6 1 (0)
50%
309 Gianluigi Buffon GK 5 0 (0)
50%
421 Gonçalo Guedes MF, FW 4 0 (0)
50%
194 Hans Vanaken MF, FW 6 2 (1)
50%
423 Isco MF, FW 4 1 (0)
50%
201 Ivan Perišić DF, MF, FW 6 0 (0)
50%
203 Javi Martínez DF, MF 6 1 (0)
50%
128 João Cancelo DF, MF 7 0 (2)
50%
96 Juan Bernat DF, MF, FW 8 3 (0)
50%
130 Julian Draxler MF, FW 7 0 (1)
50%
211 Kalidou Koulibaly DF 6 0 (0)
50%
330 Klaas-Jan Huntelaar FW 5 0 (2)
50%
99 Kylian Mbappé MF, FW 8 4 (5)
50%
29 Lasse Schöne MF 11 1 (2)
50%
514 Lautaro Martínez FW 3 0 (0)
50%
216 Lorenzo Insigne MF, FW 6 3 (0)
50%
436 Manuel Fernandes MF 4 0 (0)
50%
135 Marco Verratti MF 7 0 (0)
50%
225 Marek Hamšík MF 6 1 (1)
50%
226 Mário Fernandes DF, MF, FW 6 0 (1)
50%
227 Mario Götze MF, FW 6 0 (0)
50%
228 Mário Rui DF, MF 6 0 (0)
50%
341 Marouane Fellaini MF 5 1 (0)
50%
136 Marquinhos DF, MF 7 1 (0)
50%
232 Mauro Icardi FW 6 4 (0)
50%
359 Oleksandr Zinchenko DF, MF 5 0 (1)
50%
532 Phil Jones DF, MF 3 0 (0)
50%
264 Renato Sanches MF, FW 6 1 (0)
50%
138 Rodrigo Bentancur MF 7 0 (0)
50%
453 Sami Khedira MF 4 0 (0)
50%
273 Samir Handanović GK 6 0 (0)
50%
374 Sergio Ramos DF 5 0 (0)
50%
376 Stefan de Vrij DF 5 0 (1)
50%
378 Steven Bergwijn MF, FW 5 0 (1)
50%
113 Steven Nzonzi MF 8 0 (0)
50%
380 Thiago Alcántara MF 5 0 (1)
50%
381 Thibaut Courtois GK 5 0 (0)
50%
276 Thomas Delaney MF 6 0 (0)
50%
145 Thomas Lemar MF, FW 7 0 (1)
50%
382 Thomas Meunier DF, MF 5 1 (1)
50%
278 Thomas Partey DF, MF 6 0 (1)
50%
115 Toni Kroos MF 8 1 (1)
50%
280 Victor Wanyama MF 6 0 (0)
50%
471 Xherdan Shaqiri MF, FW 4 0 (2)
50%
287 Achraf Hakimi DF, MF 5 0 (3)
38%
289 Adrien Rabiot MF 5 0 (0)
38%
3 Almamy Touré DF, MF 1 0 (0)
38%
551 Álvaro Morata FW 2 0 (0)
38%
480 Andrea Barzagli DF 3 0 (0)
38%
153 Angeliño DF, MF, FW 6 0 (1)
38%
117 Ashley Young DF, FW 7 0 (1)
38%
119 Bryan Cristante DF, MF 7 0 (0)
38%
120 Christian Pulisic DF, MF, FW 7 1 (0)
38%
400 Clinton Mata DF 4 0 (0)
38%
486 Dani Alves DF, MF 3 0 (0)
38%
121 Daniel Sturridge MF, FW 7 1 (1)
38%
490 Dejan Lovren DF 3 0 (0)
38%
413 Eric Bailly DF 4 0 (0)
38%
177 Fabian Delph DF, MF 6 0 (0)
38%
179 Federico Fazio DF 6 0 (0)
38%
416 Federico Valverde DF, MF, FW 4 0 (0)
38%
39 Felipe DF 10 1 (0)
38%
183 Fred MF, FW 6 0 (1)
38%
190 Grzegorz Krychowiak MF 6 0 (0)
38%
197 Hirving Lozano MF, FW 6 2 (1)
38%
313 Igor Akinfeev GK 5 0 (0)
38%
127 Jadon Sancho MF, FW 7 1 (1)
38%
316 James Rodríguez MF, FW 5 0 (1)
38%
26 Jasper Cillessen GK 1 0 (0)
38%
318 Jérôme Boateng DF 5 0 (0)
38%
205 Jesse Lingard MF, FW 6 0 (0)
38%
208 José Callejón MF, FW 6 0 (2)
38%
321 José Luis Gayà DF, MF 5 0 (0)
38%
209 Juan Mata MF, FW 6 1 (0)
38%
38 Juan Miranda DF 1 0 (0)
38%
67 Kasper Dolberg FW 9 0 (0)
38%
512 Keylor Navas GK 3 0 (0)
38%
214 Kwadwo Asamoah DF, MF 6 0 (1)
38%
591 Leandro Paredes MF 2 0 (0)
38%
219 Lucas Vázquez DF, MF, FW 6 1 (1)
38%
335 Łukasz Piszczek DF, MF 5 0 (0)
38%
337 Manuel Akanji DF, MF 5 0 (0)
38%
223 Marcelo Brozović MF 6 0 (0)
38%
134 Marco Asensio MF, FW 7 2 (0)
38%
224 Marco Reus MF, FW 6 1 (1)
38%
338 Mariano MF, FW 5 1 (0)
38%
519 Mariano DF, MF 3 0 (0)
38%
344 Matías Vecino MF, FW 5 1 (1)
38%
55 Maximiliano Romero MF, FW 1 0 (0)
38%
600 Michel Vorm GK 2 0 (0)
38%
236 Milan Škriniar DF, MF 6 0 (0)
38%
523 Miranda DF 3 0 (0)
38%
68 Moussa Marega MF, FW 9 6 (2)
38%
241 Nabil Bentaleb MF 6 3 (0)
38%
242 Nabil Fekir MF, FW 6 3 (2)
38%
244 Nemanja Matić MF 6 0 (0)
38%
354 Neto GK 5 0 (0)
38%
358 Nikola Maksimović DF 5 0 (1)
38%
250 Odysseas Vlachodimos GK 6 0 (0)
38%
107 Otávio MF, FW 8 2 (1)
38%
361 Paco Alcácer FW 5 1 (1)
38%
254 Patrik Schick MF, FW 6 0 (0)
38%
363 Radamel Falcao FW 5 0 (0)
38%
262 Raphaël Guerreiro DF, MF 6 4 (0)
38%
266 Robin Olsen GK 6 0 (0)
38%
268 Rodrigo MF, FW 6 0 (0)
38%
369 Rúben Dias DF 5 0 (0)
38%
112 Saúl Ñíguez DF, MF 8 1 (0)
38%
456 Sebastian Rudy MF 4 0 (0)
38%
373 Serge Aurier DF, MF 5 0 (1)
38%
460 Sergio Reguilón DF, MF 4 0 (1)
38%
72 Sergio Romero GK 1 0 (0)
38%
75 Stefan Savić DF, MF 1 0 (0)
38%
463 Stephan El Shaarawy DF, MF, FW 4 0 (1)
38%
613 Thorsten Schick DF, MF, FW 2 0 (0)
38%
617 Ulisses Garcia DF, MF 2 0 (0)
38%
146 Victor Lindelöf DF 7 0 (0)
38%
547 Vujadin Savić DF 3 0 (0)
38%
284 Weston McKennie DF, MF 6 1 (1)
38%
73 Yacine Brahimi MF, FW 9 0 (2)
38%
288 Ádám Szalai FW 5 0 (0)
25%
2 Alberto Moreno DF, MF 1 0 (0)
25%
147 Aleksei Miranchuk MF, FW 6 0 (2)
25%
550 Alexander Nübel GK 2 0 (0)
25%
479 Álvaro Odriozola DF 3 0 (0)
25%
554 Andrija Živković MF, FW 2 0 (0)
25%
152 Andriy Pyatov GK 6 0 (0)
25%
293 Antonio Candreva DF, MF, FW 5 0 (0)
25%
481 Antonio Valencia DF, MF 3 0 (0)
25%
154 Anton Miranchuk MF, FW 6 1 (0)
25%
295 Benedikt Höwedes DF 5 0 (0)
25%
296 Benjamin Stambouli DF, MF 5 0 (0)
25%
158 Borja Valero MF 6 0 (0)
25%
298 Breel Embolo MF, FW 5 1 (0)
25%
484 Carles Aleñá MF, FW 3 0 (0)
25%
159 Carlos Soler MF, FW 6 2 (2)
25%
161 Cengiz Ünder DF, MF, FW 6 3 (2)
25%
487 Dani Ceballos MF, FW 3 0 (0)
25%
569 Diego Perotti MF, FW 2 0 (0)
25%
408 Diogo Dalot DF, MF 4 0 (0)
25%
409 Djibril Sidibé DF, MF 4 0 (0)
25%
61 Éder Militão DF 9 2 (0)
25%
493 Elseid Hysaj DF 3 0 (0)
25%
414 Eric Maxim Choupo-Moting MF, FW 4 0 (0)
25%
417 Fernando DF, MF 4 0 (0)
25%
418 Fernando DF, MF, FW 4 0 (0)
25%
572 Fernando FW 2 0 (0)
25%
180 Fernando Muslera GK 6 0 (0)
25%
499 Ferrán Torres MF, FW 3 0 (0)
25%
419 Francis Coquelin DF, MF 4 0 (0)
25%
307 Gabriel Paulista DF 5 0 (0)
25%
308 Geoffrey Kondogbia DF, MF 5 0 (0)
25%
126 Houssem Aouar MF, FW 7 0 (2)
25%
94 Jesús Corona DF, MF, FW 8 3 (2)
25%
33 Jesús Vallejo DF 1 0 (0)
25%
324 Juanfran DF, MF 5 0 (0)
25%
326 Kamil Glik DF, MF 5 0 (0)
25%
430 Keita Baldé MF, FW 4 0 (0)
25%
511 Kenny Tete DF, MF 3 0 (0)
25%
327 Kerem Demirbay MF 5 0 (2)
25%
328 Kévin Gameiro FW 5 0 (0)
25%
517 Malcom MF, FW 3 1 (0)
25%
518 Marcel Schmelzer DF 3 0 (0)
25%
48 Marcos Rojo DF 1 0 (0)
25%
49 Marko Livaja MF, FW 1 0 (0)
25%
340 Marko Marin MF, FW 5 1 (2)
25%
229 Matija Nastasić DF 6 0 (0)
25%
231 Matteo Politano MF, FW 6 0 (1)
25%
346 Maxwel Cornet DF, MF, FW 5 3 (0)
25%
524 Moise Kean FW 3 0 (0)
25%
352 Nacho DF 5 0 (0)
25%
137 Nicolò Zaniolo MF, FW 7 2 (0)
25%
251 Oliver Baumann GK 6 0 (0)
25%
360 Óliver Torres MF, FW 5 0 (2)
25%
530 Ömer Toprak DF 3 0 (0)
25%
255 Pavel Kadeřábek DF, FW 6 1 (0)
25%
258 Pizzi MF, FW 6 0 (1)
25%
451 Radja Nainggolan MF 4 1 (0)
25%
533 Rafael DF, MF 3 0 (0)
25%
452 Raphaël Varane DF, MF 4 0 (0)
25%
263 Raúl Albiol DF 6 0 (0)
25%
114 Tanguy Ndombele MF 8 2 (0)
25%
612 Thomas Vermaelen DF 2 0 (0)
25%
79 Vincent Aboubakar FW 1 0 (0)
25%
468 Vincent Kompany DF 4 0 (0)
25%
469 Vinicius Júnior MF, FW 4 0 (2)
25%
286 Youri Tielemans MF 6 0 (0)
25%
476 Aleksandr Golovin MF, FW 3 0 (1)
13%
148 Álex Grimaldo DF, MF 6 2 (0)
13%
292 Amine Harit MF, FW 5 0 (0)
13%
394 Andrea Raggi DF 4 0 (0)
13%
557 Bastian Oczipka DF, FW 2 0 (0)
13%
398 Benjamin Henrichs DF, MF 4 0 (0)
13%
559 Benoît Badiashile DF 2 0 (0)
13%
399 Branko Jovičić MF 4 0 (0)
13%
12 Cody Gakpo MF, FW 1 0 (0)
13%
13 Colin Dagba DF, MF 1 0 (0)
13%
485 Cristiano Piccini DF 3 0 (0)
13%
562 Daley Sinkgraven DF, MF 2 0 (0)
13%
401 Dan-Axel Zagadou DF 4 0 (0)
13%
488 Daniel Wass DF, MF 3 0 (0)
13%
404 Danilo D'Ambrosio DF 4 0 (0)
13%
491 Denis Cheryshev MF, FW 3 0 (0)
13%
167 Denzel Dumfries DF, MF 6 0 (0)
13%
169 Djibril Sow MF 6 0 (0)
13%
170 Donyell Malen MF, FW 6 0 (0)
13%
497 Ezequiel Garay DF 3 0 (0)
13%
305 Filip Stojković DF, MF 5 0 (0)
13%
181 Florian Grillitsch DF, MF 6 1 (0)
13%
21 Franco Di Santo MF, FW 1 0 (0)
13%
184 Fyodor Chalov FW 6 2 (0)
13%
186 Garry Rodrigues MF, FW 6 1 (1)
13%
187 Gastón Pereiro MF, FW 6 0 (1)
13%
191 Guido Burgstaller MF, FW 6 1 (1)
13%
193 Hamza Mendyl DF, MF 6 0 (0)
13%
195 Haris Seferović FW 6 1 (0)
13%
315 Jacob Bruun Larsen MF, FW 5 1 (1)
13%
507 Jaka Bijol DF 3 0 (0)
13%
426 Jardel DF 4 0 (0)
13%
28 Javier Pastore MF, FW 1 0 (0)
13%
579 Jeffrey Bruma DF 2 0 (0)
13%
31 Jeong Woo-yeong MF, FW 1 0 (0)
13%
34 João Félix MF, FW 1 0 (0)
13%
320 Joelinton MF, FW 5 1 (1)
13%
319 Joël Veltman DF 5 0 (0)
13%
582 Juan Foyth DF, MF 2 0 (0)
13%
429 Julian Weigl DF, MF 4 0 (0)
13%
210 Júnior Moraes MF, FW 6 3 (2)
13%
40 Jurgen Ekkelenkamp MF, FW 1 0 (0)
13%
325 Justin Kluivert MF, FW 5 1 (0)
13%
432 Kevin Vogt DF, MF 4 0 (0)
13%
590 Kristijan Bistrović MF 2 0 (0)
13%
43 Kyle Walker-Peters DF 1 0 (0)
13%
331 Leo Dubois DF, MF 5 1 (0)
13%
44 Leonardo Spinazzola DF, MF, FW 1 0 (0)
13%
592 Lisandro Magallán DF 2 0 (0)
13%
332 Ljubomir Fejsa MF 5 0 (0)
13%
45 Loic Badiashile GK 1 0 (0)
13%
333 Loïs Openda MF, FW 5 0 (0)
13%
133 Lucas Tousart MF 7 1 (0)
13%
336 Mahmoud Dahoud MF 5 0 (0)
13%
439 Marius Wolf DF, MF, FW 4 0 (0)
13%
339 Mark Uth MF, FW 5 1 (0)
13%
342 Martin Linnes DF, MF 5 0 (0)
13%
343 Marvelous Nakamba MF 5 0 (0)
13%
51 Marwin Hitz GK 1 0 (0)
13%
52 Mason Greenwood MF, FW 1 0 (0)
13%
53 Matej Mitrović DF 1 0 (0)
13%
441 Mattia De Sciglio DF, MF 4 0 (0)
13%
442 Maximilian Wöber DF 4 0 (0)
13%
56 Medhi Benatia DF 1 0 (0)
13%
443 Michel Aebischer MF, FW 4 0 (0)
13%
347 Michy Batshuayi FW 5 1 (0)
13%
235 Milan Borjan GK 6 0 (0)
13%
445 Milan Pavkov FW 4 2 (0)
13%
348 Milan Rodić DF 5 0 (0)
13%
237 Miloš Degenek DF 6 0 (0)
13%
525 Mouctar Diakhaby DF 3 0 (0)
13%
59 Moussa Diaby DF, MF, FW 1 0 (0)
13%
240 Moussa Sylla MF, FW 6 1 (0)
13%
526 Muğdat Çelik FW 3 0 (0)
13%
602 Munir El Haddadi MF, FW 2 0 (0)
13%
351 Nacer Chadli MF, FW 5 0 (0)
13%
448 Naldo DF 4 0 (0)
13%
527 Nikola Kalinić FW 3 0 (0)
13%
249 Nikola Vlašić MF, FW 6 3 (2)
13%
449 Ozan Kabak DF 4 0 (0)
13%
65 Paulo Gazzaniga GK 1 0 (0)
13%
256 Petros Mantalos MF, FW 6 0 (0)
13%
261 Ralf Fährmann GK 6 0 (0)
13%
365 Reiss Nelson MF, FW 5 0 (0)
13%
605 Rick Karsdorp DF, MF, FW 2 0 (0)
13%
537 Sandro Wagner FW 3 0 (0)
13%
454 Santi Mina MF, FW 4 2 (0)
13%
538 Scott McTominay MF, FW 3 0 (0)
13%
457 Sékou Sanogo DF, MF 4 0 (0)
13%
459 Sérgio Oliveira MF 4 1 (0)
13%
73 Shinji Kagawa MF, FW 1 0 (0)
13%
541 Sofiane Feghouli MF, FW 3 1 (0)
13%
609 Sofyan Amrabat DF, MF 2 0 (0)
13%
610 Stefan Posch DF 2 0 (0)
13%
76 Stevan Jovetić MF, FW 1 0 (0)
13%
77 Tahith Chong MF, FW 1 0 (0)
13%
275 Taras Stepanenko MF 6 0 (0)
13%
281 Viktor Kovalenko MF, FW 6 0 (0)
13%
470 Vitolo MF, FW 4 0 (0)
13%
283 Wesley Moraes FW 6 2 (0)
13%
285 Yevhen Konoplyanka MF, FW 6 0 (1)
13%
386 Yuto Nagatomo DF 5 0 (0)
13%
82 Zakaria Labyad MF, FW 1 0 (0)
13%
549 Adam Ounas MF, FW 2 0 (0)
0%
1 Ahmed Kutucu MF, FW 1 0 (0)
0%
475 Alan Dzagoev MF, FW 3 0 (0)
0%
290 Alan Patrick MF 5 0 (1)
0%
388 Alef DF, MF 4 0 (0)
0%
291 Aleš Čermák MF 5 0 (1)
0%
389 Aleš Hruška GK 4 0 (0)
0%
390 Alessandro Schöpf DF, MF, FW 4 1 (0)
0%
552 Anastasios Bakasetas MF, FW 2 0 (0)
0%
150 André Almeida DF, MF 6 0 (0)
0%
393 André Simões MF 4 0 (0)
0%
4 Ante Ćorić MF 1 0 (0)
0%
5 Antonio Barreca DF, MF, FW 1 0 (0)
0%
555 Antonio Mirante GK 2 0 (0)
0%
556 Arnaut Danjuma MF, FW 2 1 (0)
0%
155 Arnór Sigurðsson MF, FW 6 2 (1)
0%
6 Baba Rahman DF, MF 1 0 (0)
0%
294 Badou Ndiaye MF 5 0 (0)
0%
7 Benjamin Goller MF, FW 1 0 (0)
0%
8 Benjamin Hübner DF 1 0 (0)
0%
156 Ben Nabouhane MF, FW 6 1 (0)
0%
157 Benoît Poulain DF, MF 6 0 (0)
0%
482 Bohdan Butko DF 3 0 (0)
0%
9 Boris Rotenberg DF, FW 1 0 (0)
0%
297 Brandon Mechele DF 5 0 (0)
0%
483 Brian Idowu DF 3 0 (0)
0%
10 Carel Eiting MF 1 0 (1)
0%
561 Cedric Teuchert MF, FW 2 0 (0)
0%
11 Chidozie Awaziem DF 1 0 (0)
0%
162 Christian Fassnacht MF, FW 6 0 (0)
0%
15 Cyril Ngonge MF, FW 1 0 (0)
0%
164 Daniel Caligiuri DF, MF, FW 6 0 (0)
0%
300 Daniel Schwaab DF 5 0 (0)
0%
16 Danijel Subašić GK 1 0 (0)
0%
406 Davide Santon DF 4 0 (1)
0%
165 David Limberský DF, MF 6 0 (1)
0%
405 David von Ballmoos GK 4 0 (0)
0%
489 Davit Khocholava DF 3 0 (0)
0%
566 Dejan Joveljić FW 2 0 (0)
0%
17 Dennis Geiger MF, FW 1 0 (0)
0%
568 Dentinho MF, FW 2 0 (0)
0%
301 Diego Benaglio GK 5 0 (0)
0%
18 Diogo Leite DF 1 0 (0)
0%
570 Dion Cools DF, MF, FW 2 0 (0)
0%
410 Dmitri Barinov DF, MF 4 0 (0)
0%
492 Dmitry Yefremov DF, MF, FW 3 0 (0)
0%
302 Dmytro Chygrynskiy DF 5 0 (0)
0%
304 Dušan Jovančić MF 5 0 (0)
0%
411 Eduardo Salvio MF, FW 4 0 (1)
0%
494 Emmanuel Dennis MF, FW 3 0 (0)
0%
19 Emre Akbaba FW 1 0 (1)
0%
412 Eren Derdiyok FW 4 2 (0)
0%
415 Erick Gutiérrez DF, MF 4 0 (0)
0%
571 Erik Morán MF 2 0 (0)
0%
495 Ermin Bičakčić DF 3 0 (0)
0%
496 Ethan Horvath GK 3 0 (0)
0%
176 Ezequiel Ponce MF, FW 6 0 (0)
0%
20 Faouzi Ghoulam DF 1 0 (0)
0%
498 Fernando Marçal DF, MF 3 0 (0)
0%
182 Franco Cervi DF, MF, FW 6 0 (0)
0%
500 Fyodor Smolov MF, FW 3 0 (0)
0%
420 Gabriel MF 4 0 (0)
0%
573 Gelson Martins MF, FW 2 0 (0)
0%
22 Georgii Kyrnats GK 1 0 (0)
0%
501 Georgi Shchennikov DF, MF, FW 3 1 (0)
0%
502 Germán Conti DF 3 0 (0)
0%
574 Giannis Gianniotas MF, FW 2 0 (0)
0%
503 Giorgos Giakoumakis FW 3 0 (0)
0%
575 Giulian Biancone DF, MF 2 0 (0)
0%
23 Gobe Gouano FW 1 0 (0)
0%
310 Goran Čaušić MF 5 0 (0)
0%
24 Gregory Wüthrich DF 1 0 (0)
0%
192 Guilherme Marinato GK 6 0 (0)
0%
311 Guillaume Hoarau FW 5 3 (0)
0%
504 Han-Noah Massengo MF 3 0 (0)
0%
505 Håvard Nordtveit DF, MF 3 1 (0)
0%
312 Henry Onyekuru MF, FW 5 0 (0)
0%
196 Hernâni Fortes MF, FW 6 0 (1)
0%
506 Hörður Magnússon DF 3 0 (0)
0%
198 Igor Denisov MF 6 0 (0)
0%
25 Ilya Pomazun GK 1 0 (0)
0%
422 Ilzat Akhmetov MF, FW 4 0 (1)
0%
314 Ishak Belfodil MF, FW 5 1 (1)
0%
199 Ismaily DF 6 2 (3)
0%
576 Iván Marcano DF 2 0 (0)
0%
200 Ivan Oblyakov MF, FW 6 0 (0)
0%
202 Jakub Řezníček FW 6 0 (0)
0%
424 Jan Kopic DF, MF, FW 4 0 (2)
0%
425 Jan Kovařík DF, MF, FW 4 1 (0)
0%
27 Jaume Doménech GK 1 0 (0)
0%
577 Javi Montero DF 2 0 (0)
0%
508 Jean-Eudes Aholou MF 3 0 (0)
0%
427 Jean-Pierre Nsame FW 4 0 (0)
0%
428 Jefferson Farfán MF, FW 4 1 (0)
0%
29 Jeison Murillo DF 1 0 (0)
0%
30 Jelle Vossen MF, FW 1 0 (0)
0%
317 Jemerson DF, MF 5 0 (0)
0%
32 Jérémy Morel DF 1 0 (0)
0%
204 Jeroen Zoet GK 6 0 (0)
0%
580 Jonas FW 2 1 (1)
0%
35 Jordan Ferri MF 1 0 (0)
0%
36 Jordi Mboula MF, FW 1 0 (0)
0%
37 Jorge DF 1 0 (0)
0%
207 Jorrit Hendrix DF, MF 6 0 (0)
0%
581 Joshua Brenet DF 2 0 (0)
0%
39 Julien Serrano DF, MF 1 0 (0)
0%
41 Justin Hoogma DF, MF 1 0 (0)
0%
510 Karlo Letica GK 3 0 (0)
0%
583 Kasim Nuhu DF 2 0 (0)
0%
584 Kaveh Rezaei FW 2 0 (0)
0%
585 Kevin Akpoguma DF, FW 2 0 (0)
0%
329 Kevin Mbabu DF 5 0 (0)
0%
42 Kévin N'Doram DF, MF 1 0 (0)
0%
586 Khéphren Thuram MF 2 0 (0)
0%
587 Khetag Khosonov DF, MF 2 0 (0)
0%
212 Kirill Nababkin DF, MF, FW 6 0 (0)
0%
588 Konstantin Kuchayev DF, MF, FW 2 0 (0)
0%
213 Konstantinos Galanopoulos MF 6 0 (0)
0%
589 Krépin Diatta DF, MF, FW 2 0 (0)
0%
515 Leonardo Bertone MF 3 0 (0)
0%
516 Leonardo Bittencourt MF, FW 3 0 (1)
0%
433 Lorenzo Ebecilio MF, FW 4 0 (1)
0%
218 Loris Benito DF 6 0 (0)
0%
46 Luan Peres Petroni DF 1 0 (0)
0%
434 Lucas Boyé FW 4 0 (0)
0%
47 Luděk Pernica DF 1 0 (1)
0%
221 Lukáš Hejda DF 6 1 (0)
0%
594 Maciej Rybus DF, MF 2 0 (0)
0%
435 Maicon DF 4 0 (0)
0%
595 Marco Wölfli GK 2 0 (0)
0%
438 Marios Oikonomou DF 4 0 (1)
0%
440 Marko Gobeljić DF 4 1 (0)
0%
597 Marko Rog MF, FW 2 0 (0)
0%
520 Marlos MF, FW 3 0 (1)
0%
521 Martin Terrier MF, FW 3 0 (0)
0%
50 Martin Zeman MF, FW 1 0 (0)
0%
54 Mathieu Gorgelin GK 1 0 (0)
0%
345 Mats Rits MF 5 0 (2)
0%
598 Matúš Kozáčik GK 2 0 (0)
0%
599 Maximilian Philipp MF, FW 2 0 (1)
0%
233 Maycon MF 6 1 (0)
0%
234 Michalis Bakakis DF, FW 6 0 (0)
0%
522 Michal Krmenčík FW 3 2 (0)
0%
57 Michal Sadílek DF, MF 1 0 (0)
0%
58 Mikhail Lysov DF 1 0 (0)
0%
444 Milan Havel DF, FW 4 0 (0)
0%
446 Milan Petržela MF, FW 4 0 (0)
0%
349 Miralem Sulejmani MF, FW 5 0 (0)
0%
447 Mohamed Aly Camara DF 4 0 (0)
0%
238 Moumi Ngamaleu MF, FW 6 0 (1)
0%
350 Mykola Matviyenko DF 5 0 (0)
0%
60 Nadiem Amiri MF, FW 1 0 (0)
0%
353 Nenad Krstičić MF 5 0 (0)
0%
246 Nick Viergever DF 6 0 (0)
0%
61 Nicolás Castillo FW 1 0 (0)
0%
62 Nicolas Isimat-Mirin DF 1 0 (0)
0%
355 Nico Schulz DF, MF, FW 5 0 (1)
0%
357 Nikita Chernov DF 5 0 (0)
0%
247 Niklas Hult DF, MF 6 0 (1)
0%
63 Nikola Stojiljković FW 1 0 (0)
0%
528 Olarenwaju Kayode MF, FW 3 0 (0)
0%
64 Oleh Danchenko DF 1 0 (0)
0%
529 Omar Mascarell DF, MF 3 0 (0)
0%
603 Ömer Bayram DF, FW 2 0 (0)
0%
252 Pablo Rosario DF, MF 6 1 (1)
0%
362 Pape Cheikh Diop MF 5 0 (0)
0%
253 Patrik Hrošovský MF 6 1 (1)
0%
364 Radim Řezník DF 5 0 (0)
0%
66 Rasmus Kristensen DF 1 0 (0)
0%
534 Richmond Boakye FW 3 0 (0)
0%
67 Riechedly Bazoer DF, MF 1 0 (0)
0%
606 Rifat Zhemaletdinov MF, FW 2 0 (0)
0%
68 Robin Hack MF, FW 1 0 (0)
0%
267 Rodrigo Becão DF 6 0 (0)
0%
366 Rodrigo Galo Brito DF, MF 5 0 (0)
0%
367 Roger Assalé MF, FW 5 1 (0)
0%
269 Roman Hubník DF 6 0 (0)
0%
368 Roman Procházka MF 5 1 (0)
0%
535 Rúben Vezo DF 3 0 (0)
0%
270 Ruud Vormer MF 6 1 (0)
0%
271 Ryan Donk DF, MF 6 0 (0)
0%
370 Saba Kvirkvelia DF 5 0 (0)
0%
536 Samuel Grandsir MF, FW 3 1 (0)
0%
371 Sandro Lauper DF, MF 5 0 (0)
0%
455 Santiago Arias DF, MF 4 0 (0)
0%
70 Saulo Decarli DF, MF 1 0 (0)
0%
372 Selçuk İnan MF 5 1 (0)
0%
458 Serdar Aziz DF 4 0 (0)
0%
461 Serhiy Bolbat DF, MF, FW 4 0 (0)
0%
375 Serhiy Kryvtsov DF 5 0 (0)
0%
607 Siebe Schrijvers MF, FW 2 0 (0)
0%
608 Šime Vrsaljko DF, MF 2 0 (0)
0%
74 Simone Verdi MF, FW 1 0 (0)
0%
539 Sinan Gümüş MF, FW 3 0 (0)
0%
540 Slavoljub Srnić DF, MF, FW 3 0 (0)
0%
462 Sofiane Diop MF, FW 4 0 (0)
0%
542 Srđan Babić DF 3 0 (0)
0%
274 Stefano Denswil DF 6 0 (0)
0%
464 Steven Skrzybski DF, MF, FW 4 0 (0)
0%
543 Steven Zuber DF, MF, FW 3 1 (0)
0%
377 Steve von Bergen DF 5 0 (0)
0%
142 Suat Serdar MF, FW 7 0 (1)
0%
379 Taison MF, FW 5 2 (1)
0%
611 Takuma Nishimura FW 2 0 (0)
0%
465 Thibault Vlietinck DF, FW 4 0 (0)
0%
614 Timur Zhamaletdinov FW 2 0 (0)
0%
466 Tiquinho Soares FW 4 1 (1)
0%
544 Tomáš Chorý FW 3 1 (0)
0%
383 Tomáš Hořava MF 5 0 (0)
0%
78 Toni Lato DF, MF 1 0 (0)
0%
615 Trent Sainsbury DF 2 0 (0)
0%
616 Ubong Moses Ekpai MF, FW 2 0 (0)
0%
467 Uroš Ćosić DF 4 0 (0)
0%
279 Vasilios Barkas GK 6 0 (0)
0%
545 Vassilis Lambropoulos DF 3 0 (0)
0%
546 Vedran Ćorluka DF 3 0 (0)
0%
384 Veljko Simić DF, FW 5 0 (0)
0%
385 Viktor Klonaridis MF, FW 5 2 (0)
0%
80 Vincenzo Grifo MF, FW 1 0 (0)
0%
282 Vladislav Ignatyev DF, MF, FW 6 1 (0)
0%
618 Wellington Nem DF, MF, FW 2 0 (0)
0%
472 Yaroslav Rakitskiy DF 4 0 (0)
0%
473 Younès Belhanda MF, FW 4 0 (0)
0%
548 Youssef Aït Bennasser MF 3 0 (0)
0%
81 Yunus Akgün DF, MF, FW 1 0 (0)
0%
No matching quizzes found
Score Distribution
Percent of People with Each Score
Percentile by Number Answered
Your Score History
You have not taken this quiz